Изучение физико-географической обстановки осадконакопления по данным ситового гранулометрического анализа на примере современных отложений реки Томь; Проблемы геологии и освоения недр; Т. 1

Dettagli Bibliografici
Parent link:Проблемы геологии и освоения недр=Problems of Geology and Subsurface Development: труды XXIV Международного симпозиума имени академика М. А. Усова студентов и молодых учёных, посвященного 75-летию Победы в Великой Отечественной войне, Томск, 6-10 апреля 2020 г./ Национальный исследовательский Томский политехнический университет, Инженерная школа природных ресурсов ; гл. ред. А. С. Боев ; под ред. Е. Ю. Пасечник.— , 2020
Т. 1.— 2020.— [С. 161-164]
Autore principale: Афанасьев Е. С.
Ente Autore: Национальный исследовательский Томский политехнический университет Инженерная школа природных ресурсов Отделение геологии
Altri autori: Перевертайло Т. Г. Татьяна Геннадьевна (научный руководитель)
Riassunto:Заглавие с экрана
Lingua:russo
Pubblicazione: 2020
Serie:Геология нефти и газа. Современные методы поисков и разведки углеводородного сырья. Геоинформационные системы в геологии нефти и газа
Soggetti:
Accesso online:http://earchive.tpu.ru/handle/11683/62625
Natura: MixedMaterials Elettronico Capitolo di libro
KOHA link:https://koha.lib.tpu.ru/cgi-bin/koha/opac-detail.pl?biblionumber=631308

MARC

LEADER 00000naa2a2200000 4500
001 631308
005 20231101133644.0
035 |a (RuTPU)RU\TPU\conf\33009 
035 |a RU\TPU\conf\33006 
090 |a 631308 
100 |a 20200824d2020 k y0rusy50 ca 
101 0 |a rus 
102 |a RU 
105 |a y z 100zy 
135 |a drcn ---uucaa 
181 0 |a i  
182 0 |a b 
200 1 |a Изучение физико-географической обстановки осадконакопления по данным ситового гранулометрического анализа на примере современных отложений реки Томь  |f Е. С. Афанасьев  |g науч. рук. Т. Г. Перевертайло 
203 |a Текст  |c электронный 
225 1 |a Геология нефти и газа. Современные методы поисков и разведки углеводородного сырья. Геоинформационные системы в геологии нефти и газа 
230 |a 1 компьютерный файл (pdf; 1 938 Kb) 
300 |a Заглавие с экрана 
320 |a [Библиогр.: с. 164 (5 назв.)] 
461 1 |0 (RuTPU)RU\TPU\conf\32983  |t Проблемы геологии и освоения недр  |l Problems of Geology and Subsurface Development  |o труды XXIV Международного симпозиума имени академика М. А. Усова студентов и молодых учёных, посвященного 75-летию Победы в Великой Отечественной войне, Томск, 6-10 апреля 2020 г.  |o в 2 т.  |f Национальный исследовательский Томский политехнический университет, Инженерная школа природных ресурсов ; гл. ред. А. С. Боев ; под ред. Е. Ю. Пасечник  |d 2020 
463 1 |0 (RuTPU)RU\TPU\conf\32984  |t Т. 1  |v [С. 161-164]  |d 2020 
610 1 |a труды учёных ТПУ 
610 1 |a электронный ресурс 
610 1 |a физико-географические исследования 
610 1 |a осадконакопление 
610 1 |a гранулометрический анализ 
610 1 |a отложения 
610 1 |a река Томь 
610 1 |a прогнозирование 
610 1 |a месторождения углеводородов 
700 1 |a Афанасьев  |b Е. С. 
702 1 |a Перевертайло  |b Т. Г.  |c геолог  |c доцент Томского политехнического университета, кандидат геолого-минералогических наук  |f 1969-  |g Татьяна Геннадьевна  |2 stltpush  |4 727 
712 0 2 |a Национальный исследовательский Томский политехнический университет  |b Инженерная школа природных ресурсов  |b Отделение геологии  |h 8083  |2 stltpush  |3 (RuTPU)RU\TPU\col\23542 
801 2 |a RU  |b 63413507  |c 20200925  |g RCR 
856 4 |u http://earchive.tpu.ru/handle/11683/62625 
942 |c BK